Check up / (Record no. 137139)

MARC details
000 -CABECERA
campo de control de longitud fija 01804nam a2200325 i 4500
001 - NÚMERO DE CONTROL
campo de control 991061720873506706
003 - IDENTIFICADOR DEL NÚMERO DE CONTROL
campo de control ES-BaIT
005 - FECHA Y HORA DE LA ÚLTIMA TRANSACCIÓN
campo de control 20260225120019.0
008 - DATOS DE LONGITUD FIJA--INFORMACIÓN GENERAL
campo de control de longitud fija 260225e202409 fr gr 000 d fre c
020 ## - NÚMERO INTERNACIONAL ESTÁNDAR DEL LIBRO
Número Internacional Estándar del Libro 9782749816678
040 ## - FUENTE DE LA CATALOGACIÓN
Centro catalogador/agencia de origen ES-BaIT
Lengua de catalogación cat
Normas de descripción rda
Centro/agencia transcriptor ES-BaIT
080 ## - NÚMERO DE LA CLASIFICACIÓN DECIMAL UNIVERSAL
Número de la Clasificación Decimal Universal 840-2"19"
100 1# - ENTRADA PRINCIPAL--NOMBRE DE PERSONA
Nombre de persona Thiéry, Sébastien,
Fechas asociadas al nombre 1970-
Término indicativo de función/relación autor
9 (RLIN) 168180
245 10 - MENCIÓN DE TÍTULO
Título Check up /
Mención de responsabilidad, etc. Sébastien Thiéry,
264 #1 - PRODUCCIÓN, PUBLICACIÓN, DISTRIBUCIÓN, FABRICACIÓN Y COPYRIGHT
Producción, publicación, distribución, fabricación y copyright Paris :
Nombre del de productor, editor, distribuidor, fabricante L'avant-scène théâtre,
Fecha de producción, publicación, distribución, fabricación o copyright septembre 2024
300 ## - DESCRIPCIÓN FÍSICA
Extensión 107 pàgines ;
Dimensiones 21 cm
336 ## - TIPO DE CONTENIDO
Término de tipo de contenido text
Código de tipo de contenido txt
Fuente rdacontent
337 ## - TIPO DE MEDIO
Nombre/término del tipo de medio sense mediació
Código del tipo de medio n
Fuente rdamedia
338 ## - TIPO DE SOPORTE
Nombre/término del tipo de soporte volum
Código del tipo de soporte nc
Fuente rdacarrier
490 1# - MENCIÓN DE SERIE
Mención de serie L'Avant-Scène théâtre ;
Designación de volumen o secuencia no 1563
500 ## - NOTA GENERAL
Nota general P5: D2, H3
500 ## - NOTA GENERAL
Nota general Publicat com no 1563 (septembre 2024) de la revista L'Avant-scène théâtre
500 ## - NOTA GENERAL
Nota general Estrena Théâtre Antoine el 12 de setembre del 2024
520 ## - SUMARIO, ETC.
Sumario, etc. "Jean-Marc, la soixantaine rayonnante, est convoqué à l'hôpital à cause d'une erreur informatique. Il a beau être en parfaite santé, il doit sortir de ce quiproquo: analyses, questionnaires, tests en tout genre, la valse des examens est ouverte! Qu'est-ce qui a bien pu provoquer cette situation improbable? De l'agacement au désarroi, en passant par le rire et l'inquiétude: le lecteur est emporté par le tourbillon d'émotions qui assaille Jean-Marc. Maître de l'absurde, Sébastien Thiéry imagine dans Check up une intrigue diablement construite, au lent suspense et aux rebondissements saisissants. Il est l'auteur de plus de quinze pièces de théâtre, publiées à L'avant-scène, dont Vidéo club (2023)" -- Contracoberta
650 #0 - PUNTO DE ACCESO ADICIONAL DE MATERIA--TÉRMINO DE MATERIA
Término de materia o nombre geográfico como elemento de entrada Errors mèdics
Subdivisión de forma Textos dramàtics
9 (RLIN) 168699
830 ## - PUNTO DE ACCESO ADICIONAL DE SERIE-TÍTULO UNIFORME
Título uniforme Avant-scène.
Nombre de parte o sección de la obra Théâtre
Designación de volumen o secuencia no 1563
9 (RLIN) 168170
908 ## - COLOCAR PARÁMETRO DE COMANDO (RLIN)
Colocar parámetro de comando CDMAE
940 ## - EQUIVALENCIA O REFERENCIA-CRUZADA--TÍTULO UNIFORME [OBSOLETO] [solamente CAN/MARC]
Título uniforme <a href="CDMAE">CDMAE</a>
942 ## - ELEMENTOS DE ENTRADA AGREGADA (KOHA)
Fuente del sistema de clasificación o colocación Clasificación decimal universal
Tipo de ítem Koha Llibre
Holdings
Estado de retiro Estado de pérdida Fuente del sistema de clasificación o colocación Estado dañado No para préstamo Localización permanente Ubicación/localización actual Ubicación en estantería Fecha de adquisición Fuente de adquisición Total de préstamos Signatura topográfica completa Código de barras Fecha visto por última vez Precio válido a partir de Tipo de ítem Koha
    Clasificación decimal universal     Biblioteca Barcelona Biblioteca Barcelona BCN Magatzem Revistes 25/02/2026 Compra   S 143-06 1900089870 25/02/2026 19/02/2026 Llibre

Powered by Koha